Illinois A-Z - Statistics

General Stats
  • This quiz has been taken 471 times
  • The average score is 18 of 25
Answer Stats
Hint Answer % Correct
F 1871 disaster falsely thought to have been started by a cow kicking over a lantern Great Chicago {Fire}
94%
M Great Lake Illinois borders Lake Michigan
94%
O Main airport of Chicago O'Hare
92%
K Never put this on a hot dog Ketchup
90%
S State capital Springfield
89%
L State nickname Land of {Lincoln}
85%
C This city is prounounced Care-O Cairo
84%
W Stadium where the Cubs play Wrigley Field
81%
P Al Capone was the most notorious gangster in Chicago area during this era Prohibition
78%
N University located in Evanston Northwestern
77%
G Civil War general who lived in Galena, Illinois Ulysses S. Grant
76%
I Longest river that is entirely located inside the borders of Illinois Illinois River
73%
A Second most populated city Aurora
72%
T Name of the biggest daily newspaper based in Chicago Tribune
70%
X Roman Catholic university founded in 1846 in Chicago Saint {Xavier}
69%
H notable novelist was born in Oak Park, Illinois in 1899 before traveling to Missouri, Italy, France, Spain, Cuba, and Africa Ernest Hemingway
67%
U Nickname of mail bomber Ted Kaczynski Unabomber
67%
J Major city that stretches in Will and Kendall counties Joliet
58%
V City in southern Illinois named after a European city Vienna
54%
B Team that was accused of intentionally losing the 1919 World Series Black Sox
53%
D Longest-serving Chicago mayor, 1989-2011 Richard M. Daley
52%
Y Former meatpacking district in Chicago for more than a century Union Stock {Yards}
52%
R Blue-collar sitcom set in the fictional town of Lanford Roseanne
47%
Z Actress who plays Roxie Hart in the 2002 musical "Chicago" Renée Zellweger
44%
Q Governor of Illinois from 2009-2015 Pat Quinn
40%
No matching quizzes found
Score Distribution
Percent of People with Each Score
Percentile by Number Answered
Your Score History
You have not taken this quiz